<?xml version="1.0" encoding="UTF-8"?>
<record
    xmlns:xsi="http://www.w3.org/2001/XMLSchema-instance"
    xsi:schemaLocation="http://www.loc.gov/MARC21/slim http://www.loc.gov/standards/marcxml/schema/MARC21slim.xsd"
    xmlns="http://www.loc.gov/MARC21/slim">

  <leader>03096nam a2200253 a 4500</leader>
  <controlfield tag="001">000008565</controlfield>
  <controlfield tag="005">20260120073950.0</controlfield>
  <controlfield tag="008">090917s2002    dr a          001 0 spa d</controlfield>
  <datafield tag="040" ind1=" " ind2=" ">
    <subfield code="a">DO-SdBNP</subfield>
    <subfield code="b">spa</subfield>
    <subfield code="c">BNPHU</subfield>
  </datafield>
  <datafield tag="082" ind1=" " ind2=" ">
    <subfield code="a">248.482</subfield>
    <subfield code="b">G633p, 2002</subfield>
  </datafield>
  <datafield tag="100" ind1="1" ind2=" ">
    <subfield code="a">G&#xF3;mez Navarro, Eusebio</subfield>
    <subfield code="9">2192</subfield>
  </datafield>
  <datafield tag="245" ind1="1" ind2="0">
    <subfield code="a">Par&#xE1;bolas para orar y amar /</subfield>
    <subfield code="c">Eusebio G&#xF3;mez Navarro.</subfield>
  </datafield>
  <datafield tag="250" ind1=" " ind2=" ">
    <subfield code="a">3&#xAA; ed.</subfield>
  </datafield>
  <datafield tag="260" ind1=" " ind2=" ">
    <subfield code="a">Santo Domingo :</subfield>
    <subfield code="b">Monte Carmelo :</subfield>
    <subfield code="b">Espiritualidad del Caribe,</subfield>
    <subfield code="c">2002.</subfield>
  </datafield>
  <datafield tag="300" ind1=" " ind2=" ">
    <subfield code="a">213 p. :</subfield>
    <subfield code="b">il. ;</subfield>
    <subfield code="c">22 cm.</subfield>
  </datafield>
  <datafield tag="505" ind1="0" ind2=" ">
    <subfield code="t">Introducci&#xF3;n --</subfield>
    <subfield code="t">En las manos de Dios --</subfield>
    <subfield code="t">Con los pies en la luna --</subfield>
    <subfield code="t">Creer apasionadamente en Dios --</subfield>
    <subfield code="t">No estar solo --</subfield>
    <subfield code="t">Dios est&#xE1; en la calle --</subfield>
    <subfield code="t">La alegr&#xED;a est&#xE1; dentro --</subfield>
    <subfield code="t">Dios vive --</subfield>
    <subfield code="t">Los avisos de Dios --</subfield>
    <subfield code="t">Dejar a Dios ser Dios --</subfield>
    <subfield code="t">Dios es madre --</subfield>
    <subfield code="t">La providencia --</subfield>
    <subfield code="t">Venid y trabajad --</subfield>
    <subfield code="t">En el coraz&#xF3;n de Dios --</subfield>
    <subfield code="t">El poder de la palabra --</subfield>
    <subfield code="t">Yo en &#xC9;l --</subfield>
    <subfield code="t">Hija de Dios --</subfield>
    <subfield code="t">Dios es maravilloso --</subfield>
    <subfield code="t">Dios manda como en su casa --</subfield>
    <subfield code="t">Cristo es una mina --</subfield>
    <subfield code="t">Saber de Cristo --</subfield>
    <subfield code="t">Con los pies en la Tierra --</subfield>
    <subfield code="t">Ver y creer --</subfield>
    <subfield code="t">Poner los ojos en Cristo --</subfield>
    <subfield code="t">En el silencio --</subfield>
    <subfield code="t">El Esp&#xED;ritu es buen chofer --</subfield>
    <subfield code="t">El domingo y Dios --</subfield>
    <subfield code="t">He encontrado a los m&#xED;os --</subfield>
    <subfield code="t">La presencia es un don --</subfield>
    <subfield code="t">La fuerza del amor --</subfield>
    <subfield code="t">Una explosi&#xF3;n de vida --</subfield>
    <subfield code="t">No hay temor en el amor --</subfield>
    <subfield code="t">El precio de una vida --</subfield>
    <subfield code="t">Un poco de amor --</subfield>
    <subfield code="t">Instituto de madre --</subfield>
    <subfield code="t">Hijo por adopci&#xF3;n --</subfield>
    <subfield code="t">Morir para vivir --</subfield>
    <subfield code="t">Fuego sin consumirse --</subfield>
    <subfield code="t">Una sonrisa para todos --</subfield>
    <subfield code="t">Repara mi casa --</subfield>
    <subfield code="t">Reconstruir --</subfield>
    <subfield code="t">Todo es posible --</subfield>
    <subfield code="t">Basta un poco de tierra --</subfield>
    <subfield code="t">Piel de tigre --</subfield>
    <subfield code="t">El ni&#xF1;o que quer&#xED;a ser televisor --</subfield>
    <subfield code="t">Trasplante de coraz&#xF3;n --</subfield>
    <subfield code="t">O&#xED;do y lengua --</subfield>
    <subfield code="t">S&#xE9; t&#xFA; mi madre --</subfield>
    <subfield code="t">Basta un f&#xF3;sforo --</subfield>
    <subfield code="t">Un d&#xED;a en la Cruz Roja --</subfield>
    <subfield code="t">Ser medicina o veneno --</subfield>
    <subfield code="t">Plantar sin esperar los frutos --</subfield>
    <subfield code="t">El pensamiento mata --</subfield>
    <subfield code="t">No te f&#xED;es de los falsos amigos --</subfield>
    <subfield code="t">Los dos amigos --</subfield>
    <subfield code="t">Arrima el horno --</subfield>
    <subfield code="t">&#xC1;ngel de vida --</subfield>
    <subfield code="t">R&#xED;os de amor --</subfield>
    <subfield code="t">Diez minutos de felicidad --</subfield>
    <subfield code="t">Bendecir siempre --</subfield>
    <subfield code="t">Santo en sue&#xF1;os --</subfield>
    <subfield code="t">Servicio humilde --</subfield>
    <subfield code="t">Practicar la bondad --</subfield>
    <subfield code="t">Al servicio de Dios ---</subfield>
    <subfield code="t">De coraz&#xF3;n agradecido --</subfield>
    <subfield code="t">Dulce oraci&#xF3;n --</subfield>
    <subfield code="t">Saber elegir --</subfield>
    <subfield code="t">&#xC9;l me mira --</subfield>
    <subfield code="t">Descubrir la belleza --</subfield>
    <subfield code="t">Se entiende con el coraz&#xF3;n --</subfield>
    <subfield code="t">Paral&#xED;ticos --</subfield>
    <subfield code="t">Enanos --</subfield>
  </datafield>
  <datafield tag="505" ind1="0" ind2=" ">
    <subfield code="t">Remedios para la melancol&#xED;a --</subfield>
    <subfield code="t">Dios sabe hablar y escuchar --</subfield>
    <subfield code="t">Orar con la mirada --</subfield>
    <subfield code="t">D&#xED;selo hoy --</subfield>
    <subfield code="t">Quien cree perdona --</subfield>
    <subfield code="t">Ap&#xF3;stol del perd&#xF3;n --</subfield>
    <subfield code="t">Dios olvida --</subfield>
    <subfield code="t">Aprender a perdonar --</subfield>
    <subfield code="t">No dormir con rencor --</subfield>
    <subfield code="t">Dios est&#xE1; en el dolor --</subfield>
    <subfield code="t">Cruces pesadas --</subfield>
    <subfield code="t">Con las l&#xE1;mparas encendidas --</subfield>
    <subfield code="t">La perla del dolor --</subfield>
    <subfield code="t">Escucha a tu hermano --</subfield>
    <subfield code="t">Luz para ver --</subfield>
    <subfield code="t">Ver con el coraz&#xF3;n --</subfield>
    <subfield code="t">Dignidad para todos --</subfield>
    <subfield code="t">Cree. Ama --</subfield>
    <subfield code="t">Luz en la noche --</subfield>
    <subfield code="t">Pan para todos --</subfield>
    <subfield code="t">Construir la paz --</subfield>
    <subfield code="t">Velas para la paz --</subfield>
    <subfield code="t">Optar por la paz --</subfield>
    <subfield code="t">No matar --</subfield>
    <subfield code="t">Ya puedo volar --</subfield>
    <subfield code="t">Escaparse de la jaula --</subfield>
    <subfield code="t">Sue&#xF1;o de libertad --</subfield>
    <subfield code="t">El &#xE1;lamo y la encima.</subfield>
  </datafield>
  <datafield tag="590" ind1=" " ind2=" ">
    <subfield code="a">Inventariado, 2018/ YL</subfield>
  </datafield>
  <datafield tag="650" ind1=" " ind2="0">
    <subfield code="a">Vida espiritual</subfield>
    <subfield code="9">268</subfield>
  </datafield>
  <datafield tag="650" ind1=" " ind2="4">
    <subfield code="a">Meditaci&#xF3;n</subfield>
    <subfield code="9">687</subfield>
  </datafield>
  <datafield tag="650" ind1=" " ind2="4">
    <subfield code="a">Par&#xE1;bolas b&#xED;blicas</subfield>
    <subfield code="9">22956</subfield>
  </datafield>
  <datafield tag="650" ind1=" " ind2="4">
    <subfield code="a">Biblia como literatura</subfield>
    <subfield code="9">2194</subfield>
  </datafield>
  <datafield tag="910" ind1=" " ind2=" ">
    <subfield code="a">Validado. Control de calidad EMS</subfield>
  </datafield>
  <datafield tag="952" ind1=" " ind2=" ">
    <subfield code="0">0</subfield>
    <subfield code="1">0</subfield>
    <subfield code="7">1</subfield>
    <subfield code="8">PD</subfield>
    <subfield code="a">PD</subfield>
    <subfield code="b">PD</subfield>
    <subfield code="c">HD</subfield>
    <subfield code="d">2009-09-17</subfield>
    <subfield code="i">LF1</subfield>
    <subfield code="l">0</subfield>
    <subfield code="o">248.482 G633p, 2002</subfield>
    <subfield code="p">8565-10</subfield>
    <subfield code="r">2020-06-25</subfield>
    <subfield code="w">2020-06-25</subfield>
    <subfield code="y">LFPD</subfield>
    <subfield code="Z">No se presta</subfield>
  </datafield>
  <datafield tag="999" ind1=" " ind2=" ">
    <subfield code="c">8335</subfield>
    <subfield code="d">8335</subfield>
  </datafield>
</record>
